000 01221nam0a22003131 4500
001 v19\rc\1583552
005 20061002110143.5
035 _a(NLR Aleph) 004709727
090 _a4183247
_c4183247
100 _a20061002d1894 |||y0rusy50 ca
101 1 _arus
_ceng
102 _aRU
105 _aa z |||||
200 1 _aБолезни кожи
_eРуководство для врачей и студентов
_fW. Allan Jamieson, проф. дерматологии в Эдинбург. мед. шк.
_gПер. с 3-го англ. изд. и рукоп. доб. авт. врача Г.Г. Франца
210 _aСанкт-Петербург
_cГл. воен.-мед. упр.
_d1894
215 _a[2], VI, 722, X с., 9 л. ил.
_d24
320 _aБиблиогр. в примеч.
700 1 _aДжемисон
_bУ. А.
_f1839-
_gУильям Аллен
702 1 _aФранц
_bГ. Г.
_gГригорий Григорьевич
_4730
801 0 _aRU
_bNLR
_gpsbo
801 0 _aRU
_bRuMoRGB
_2psbo
801 1 _aRU
_bProSoft-M
_2rusmarc
852 _aNLR
_j19.100.3.2
852 _aNLR
_j33-4/1568
899 _aБАН
899 _aRuMoRGB
_jU 427/328
899 _aRuMoRGB
_jA 235/94
942 _cBOOK
980 _aNB